Dopady a dôsledky finančnej krízy na sektor poisťovníctva záverečná správa za celé obdobie riešenia projektu VEGA 1/0211/10 : doba riešenia 01/2010 - 12/2011

Salvato in:
Dettagli Bibliografici
Autore principale: Majtánová, Anna
Altri autori: Vachálková, Ingrid, Dlábiková, Hana, Marko, Peter, Littvová, Zuzana, Bláhová, Mária, Podlucký, Michal
Natura: Libro
Lingua:slovacco
Pubblicazione: Bratislava 2011
Soggetti:
Tags: Aggiungi Tag
Nessun Tag, puoi essere il primo ad aggiungerne!!

MARC

LEADER 00000nam a2200000 4500
001 0162140
005 20240611071814.5
041 0 |a slo 
044 |a SK 
245 1 0 |a Dopady a dôsledky finančnej krízy na sektor poisťovníctva  |b záverečná správa za celé obdobie riešenia projektu VEGA 1/0211/10 : doba riešenia 01/2010 - 12/2011  |c vedúci projektu Anna Majtánová 
264 1 |a Bratislava  |c 2011 
300 |a [13 s.] 
610 2 0 |a poisťovníctvo 
610 2 0 |a kríza finančná 
610 2 0 |a poistenie životné 
610 2 0 |a poisťovne 
610 2 0 |a solventnosť 
610 2 0 |a globalizácia 
610 2 0 |a riziko poistné 
610 2 0 |a kontroling 
100 1 |a Majtánová, Anna 
700 1 |a Vachálková, Ingrid 
700 1 |a Dlábiková, Hana 
700 1 |a Marko, Peter 
700 1 |a Littvová, Zuzana 
700 1 |a Bláhová, Mária 
700 1 |a Podlucký, Michal